| 000 | 00637nam a22002173a 4500 | ||
|---|---|---|---|
| 005 | 20210219153835.0 | ||
| 008 | 010920s1997 mx fr 000 0 spa d | ||
| 020 | _a8478840583 | ||
| 035 | _aUPN01000111791 | ||
| 049 | _aCG | ||
| 050 | 4 |
_aHV6089 _bV3.4 1997 |
|
| 100 | 1 | _aValverde Molina, Jesús | |
| 245 | 1 | 3 |
_aLa cárcel y sus consecuencias : _bla intervención sobre la conducta desadaptada / _cJesús Valverde Molina. |
| 250 | _a2a ed. | ||
| 260 |
_aMadrid : _bPopular, _c1997. |
||
| 300 | _a231 p. | ||
| 440 | 0 | _aAl margen | |
| 650 | 4 |
_aPRISIONES - _xASPECTOS SOCIALES |
|
| 650 | 4 | _aPSICOLOGIA DEL PRISIONERO | |
| 905 | _aLibro | ||
| 999 |
_c85699 _d85699 |
||